000 00777nam a2200289Ia 4500
005 20260324121203.0
008 008 260324s9999 xx 000 0 eng d
020 _a9781003445746
037 _aEBOOK
040 _aCRL
040 _beng
040 _cCRL
041 _2eng
041 _aeng
084 _qCRL
100 _aTerrel L. Rhodes; Candyce Reynolds; Judith Patton
_91161534
245 0 _aLeveraging the ePortfolio for Integrative Learning
245 2 _bA Faculty Guide to Classroom Practices for Transforming Student Learning
260 _bTaylor and Francis
260 _c2014
365 _a
365 _b230
856 _uhttp://www.taylorfrancis.com/books/9781003445746
942 _cEBOOK
999 _c1753471
_d1753471